The Assyrian, and other stories.

Bibliographic Details
Main Author: Saroyan, William, 1908-1981
Format: Book
Language:English
Published: New York : Harcourt, Brace, [1950]
Edition:[1st ed.].

MARC

Tag First Indicator Second Indicator Subfields
LEADER 00000cam a2200000 4500
001 in00000681069
005 20170302094725.0
008 731115s1950 nyu 00001 eng u
010 |a  50005197  
035 |a (OCoLC)00742996 
035 |9 ACZ6391AM 
040 |c HEI  |d TXA  |d UtOrBLW 
049 |a TXAM  |c 1 [181945]  |c 2 [1131404] 
050 4 |a PZ3.S246  |b As  |a PS3537.A826 
090 |a PS3537.A826  |b A87 1950 
100 1 |a Saroyan, William,  |d 1908-1981. 
245 1 4 |a The Assyrian, and other stories. 
250 |a [1st ed.]. 
264 1 |a New York :  |b Harcourt, Brace,  |c [1950] 
300 |a xxxix, 276 pages ;  |c 21 cm. 
336 |a text  |b txt  |2 rdacontent 
337 |a unmediated  |b n  |2 rdamedia 
338 |a volume  |b nc  |2 rdacarrier 
999 |a MARS 
999 f f |s 2759110f-9d71-3eac-8d16-05915a0df76c  |i 4a80a73c-32fc-3574-8a3b-015d9e4d6dec  |t 0 
952 f f |p ric  |a Texas A&M University  |b Rellis Campus  |c Joint Library Facility  |s JLF  |d Remote Storage  |t 0  |e PS3537.A826 A87 1950  |h Library of Congress classification  |i unmediated -- volume  |m A14804276668 
998 f f |a PS3537.A826 A87 1950  |t 0  |l Remote Storage